Culture Générale - Série 563 - Statistiques

Statistiques générales
  • Ce quiz a été pris 164 fois
  • Le résultat moyen est 6 sur 10
Statistiques - réponses
Question Réponse % Correct
Complétez le titre de cette chanson de Bruce Springsteen : "Born in the..." USA
82%
Chez l'homme, par quelle fibre un muscle se rattache-t-il à l'os ? tendon
76%
Quel nom d'origine provençale désigne les criques bordées de rochers longeant la Méditerranée ? calanques
74%
Généralement, sur quel instrument de musique utilise-t-on un capodastre ? guitare
64%
Chez l'homme, quel os plat du thorax s'articule avec les sept premières paires de côtes ? sternum
64%
Comment appelle-t-on tout cercle imaginaire perpendiculaire à l'équateur et passant par les deux pôles terrestres ? méridien
61%
Complétez ce titre d'une chanson de Julien Clerc en 1990 : "Fais-moi une... place
56%
Avec qui Véronique Jannot chante-t-elle "Désir, désir" en 1984 ? Laurent Voulzy
50%
Quel son célèbre-t-on dans le refrain de la chanson "La Carmagnole" ? Le son du canon
30%
Dans la série télévisée "Braquo", réalisée par Olivier Marchal, quel est le prénom du Lieutenant Wachevski ? Théo
5%
Aucun quiz correspondant
Distribution des résultats
% des personnes avec chaque résultat
Percentile par nombre de réponses
Votre historique - résultats
Vous n’avez pas pris ce quiz